[Event "DVM U20 2023"]
[Site "Magdeburg GER"]
[Date "2023.12.27"]
[Round "2"]
[White "Eull, Emil"]
[Black "Gallasch, Jonas"]
[Result "1-0"]
[Termination "normal"]
[Board "2.3"]
[BlackTitle "FM"]
[WhiteElo "2077"]
[BlackElo "2304"]
[WhiteClock "00:11:17"]
[BlackClock "00:14:11"]
[WhiteTeam "SF Neuberg"]
[BlackTeam "SG Porz"]
[PlyCount "97"]
[WhiteFideId "16253809"]
[BlackFideId "16222474"]
[EventCountry "GER"]
[EventRounds "7"]
[EventType "team-swiss"]
[EventDate "2023.12.26"]

1. Nf3 {[%clk 01:30:57]} {[%emt 00:00:03]} Nf6 {[%clk 01:30:53]} {[%emt
00:00:07]} 2. c4 {[%clk 01:31:18]} {[%emt 00:00:08]} g6 {[%clk 01:31:18]}
{[%emt 00:00:07]} 3. Nc3 {[%clk 01:31:40]} {[%emt 00:00:07]} Bg7 {[%clk
01:31:44]} {[%emt 00:00:04]} 4. e4 {[%clk 01:31:20]} {[%emt 00:00:51]} e5
{[%clk 01:32:10]} {[%emt 00:00:04]} 5. d4 {[%clk 01:28:45]} {[%emt 00:03:05]}
exd4 {[%clk 01:22:36]} {[%emt 00:10:03]} 6. Nxd4 {[%clk 01:29:06]} {[%emt
00:00:08]} O-O {[%clk 01:21:06]} {[%emt 00:01:59]} 7. Be3 {[%clk 01:24:17]}
{[%emt 00:05:21]} Re8 {[%clk 01:19:03]} {[%emt 00:02:33]} 8. f3 {[%clk
01:20:17]} {[%emt 00:04:30]} c6 {[%clk 01:16:59]} {[%emt 00:02:34]} 9. Qd2
{[%clk 01:05:37]} {[%emt 00:15:10]} d5 {[%clk 01:13:21]} {[%emt 00:04:07]} 10.
cxd5 {[%clk 01:03:13]} {[%emt 00:02:55]} cxd5 {[%clk 01:13:30]} {[%emt
00:00:21]} 11. O-O-O {[%clk 01:00:13]} {[%emt 00:03:30]} dxe4 {[%clk 01:08:46]}
{[%emt 00:05:13]} 12. Ndb5 {[%clk 00:55:51]} {[%emt 00:04:53]} Qxd2+ {[%clk
00:44:30]} {[%emt 00:24:46]} 13. Rxd2 {[%clk 00:55:37]} {[%emt 00:00:44]} Na6
{[%clk 00:44:07]} {[%emt 00:00:54]} 14. Nd6 {[%clk 00:49:30]} {[%emt 00:06:36]}
Rf8 {[%clk 00:40:56]} {[%emt 00:03:40]} 15. Ncxe4 {[%clk 00:43:40]} {[%emt
00:06:21]} Nxe4 {[%clk 00:33:36]} {[%emt 00:07:50]} 16. fxe4 {[%clk 00:43:56]}
{[%emt 00:00:13]} b6 {[%clk 00:32:51]} {[%emt 00:01:16]} 17. Bc4 {[%clk
00:40:48]} {[%emt 00:03:37]} Nc7 {[%clk 00:27:48]} {[%emt 00:05:33]} 18. Nxf7
{[%clk 00:30:52]} {[%emt 00:10:26]} Be6 {[%clk 00:26:11]} {[%emt 00:02:06]} 19.
Bxe6 {[%clk 00:29:12]} {[%emt 00:02:11]} Nxe6 {[%clk 00:26:39]} {[%emt
00:00:01]} 20. Nd6 {[%clk 00:28:33]} {[%emt 00:01:09]} Rfd8 {[%clk 00:21:50]}
{[%emt 00:05:18]} 21. Rhd1 {[%clk 00:25:08]} {[%emt 00:03:56]} Be5 {[%clk
00:14:54]} {[%emt 00:07:26]} 22. g3 {[%clk 00:24:20]} {[%emt 00:01:18]} Rd7
{[%clk 00:07:32]} {[%emt 00:07:52]} 23. Rd5 {[%clk 00:22:38]} {[%emt 00:02:12]}
Bxd6 {[%clk 00:07:37]} {[%emt 00:00:24]} 24. Rxd6 {[%clk 00:23:00]} {[%emt
00:00:09]} Re7 {[%clk 00:08:05]} {[%emt 00:00:02]} 25. Rd7 {[%clk 00:19:20]}
{[%emt 00:04:10]} Rc8+ {[%clk 00:08:30]} {[%emt 00:00:05]} 26. Kb1 {[%clk
00:19:38]} {[%emt 00:00:12]} Rce8 {[%clk 00:08:56]} {[%emt 00:00:03]} 27. Rxe7
{[%clk 00:18:54]} {[%emt 00:01:15]} Rxe7 {[%clk 00:09:21]} {[%emt 00:00:06]}
28. Kc2 {[%clk 00:18:53]} {[%emt 00:00:31]} Kf7 {[%clk 00:04:38]} {[%emt
00:05:14]} 29. a4 {[%clk 00:15:56]} {[%emt 00:03:26]} Rc7+ {[%clk 00:03:01]}
{[%emt 00:02:08]} 30. Kd3 {[%clk 00:12:21]} {[%emt 00:04:04]} Nc5+ {[%clk
00:02:42]} {[%emt 00:00:49]} 31. Bxc5 {[%clk 00:12:17]} {[%emt 00:00:34]} Rxc5
{[%clk 00:03:12]} {[%emt 00:00:01]} 32. Rd2 {[%clk 00:11:19]} {[%emt 00:01:27]}
Rc7 {[%clk 00:01:54]} {[%emt 00:01:47]} 33. Rc2 {[%clk 00:11:02]} {[%emt
00:00:47]} Rd7+ {[%clk 00:02:19]} {[%emt 00:00:06]} 34. Ke3 {[%clk 00:08:07]}
{[%emt 00:03:25]} Ke6 {[%clk 00:02:23]} {[%emt 00:00:26]} 35. h4 {[%clk
00:07:15]} {[%emt 00:01:22]} Ke5 {[%clk 00:02:10]} {[%emt 00:00:42]} 36. Rc8
{[%clk 00:06:43]} {[%emt 00:01:03]} Re7 {[%clk 00:01:35]} {[%emt 00:01:06]} 37.
b3 {[%clk 00:04:00]} {[%emt 00:03:12]} Rf7 {[%clk 00:00:58]} {[%emt 00:01:06]}
38. Re8+ {[%clk 00:02:29]} {[%emt 00:02:02]} Kd6 {[%emt 00:00:01]} 39. b4
{[%clk 00:01:15]} {[%emt 00:01:44]} Rf1 {[%clk 00:00:44]} {[%emt 00:01:12]} 40.
Rh8 {[%clk 00:01:04]} {[%emt 00:00:41]} Rf7 {[%clk 00:00:34]} {[%emt 00:00:41]}
41. Kd4 {[%clk 00:27:53]} {[%emt 00:03:41]} Rc7 {[%clk 00:27:56]} {[%emt
00:03:09]} 42. g4 {[%clk 00:25:45]} {[%emt 00:02:37]} Ke6 {[%clk 00:23:50]}
{[%emt 00:04:36]} 43. Re8+ {[%clk 00:18:44]} {[%emt 00:07:31]} Kd7 {[%clk
00:23:18]} {[%emt 00:01:02]} 44. Rg8 {[%clk 00:17:34]} {[%emt 00:01:40]} Ke6
{[%clk 00:23:35]} {[%emt 00:00:13]} 45. h5 {[%clk 00:13:55]} {[%emt 00:04:10]}
gxh5 {[%clk 00:17:44]} {[%emt 00:06:21]} 46. gxh5 {[%clk 00:14:08]} {[%emt
00:00:17]} Rc1 {[%clk 00:13:47]} {[%emt 00:04:27]} 47. Re8+ {[%clk 00:11:28]}
{[%emt 00:03:10]} Kd6 {[%clk 00:13:50]} {[%emt 00:00:27]} 48. e5+ {[%clk
00:11:12]} {[%emt 00:00:45]} Kd7 {[%clk 00:14:11]} {[%emt 00:00:09]} 49. Rh8
{[%clk 00:11:17]} {[%emt 00:00:25]} *

[Event "DVM U20 2023"]
[Site "Magdeburg GER"]
[Date "2023.12.27"]
[Round "2"]
[White "Gallasch, Robin"]
[Black "Pomrehn, Ole Magnus"]
[Result "1-0"]
[Termination "normal"]
[Board "2.6"]
[WhiteElo "2087"]
[BlackElo "1561"]
[WhiteClock "00:04:39"]
[BlackClock "00:00:34"]
[WhiteTeam "SG Porz"]
[BlackTeam "SF Neuberg"]
[PlyCount "73"]
[WhiteFideId "16222423"]
[BlackFideId "16232704"]
[EventCountry "GER"]
[EventRounds "7"]
[EventType "team-swiss"]
[EventDate "2023.12.26"]

1. e4 {[%clk 01:30:53]} {[%emt 00:00:06]} e5 {[%clk 01:30:53]} {[%emt
00:00:08]} 2. Nf3 {[%clk 01:31:15]} {[%emt 00:00:07]} Nc6 {[%clk 01:31:18]}
{[%emt 00:00:06]} 3. Bb5 {[%clk 01:31:32]} {[%emt 00:00:12]} a6 {[%clk
01:31:39]} {[%emt 00:00:09]} 4. Ba4 {[%clk 01:31:57]} {[%emt 00:00:05]} Nf6
{[%clk 01:31:48]} {[%emt 00:00:22]} 5. O-O {[%clk 01:32:07]} {[%emt 00:00:20]}
b5 {[%clk 01:32:03]} {[%emt 00:00:14]} 6. Bb3 {[%clk 01:32:31]} {[%emt
00:00:06]} d6 {[%clk 01:32:14]} {[%emt 00:00:19]} 7. c3 {[%clk 01:30:21]}
{[%emt 00:02:40]} Be7 {[%clk 01:31:39]} {[%emt 00:01:05]} 8. h3 {[%clk
01:29:03]} {[%emt 00:01:48]} Bb7 {[%clk 01:30:19]} {[%emt 00:01:50]} 9. Re1
{[%clk 01:23:01]} {[%emt 00:06:33]} O-O {[%clk 01:27:56]} {[%emt 00:02:52]} 10.
d3 {[%clk 01:21:46]} {[%emt 00:01:46]} Na5 {[%clk 01:19:44]} {[%emt 00:08:41]}
11. Bc2 {[%clk 01:22:03]} {[%emt 00:00:13]} c5 {[%clk 01:19:29]} {[%emt
00:00:44]} 12. a4 {[%clk 01:18:23]} {[%emt 00:04:10]} Qc7 {[%clk 01:16:02]}
{[%emt 00:03:58]} 13. Nbd2 {[%clk 01:16:59]} {[%emt 00:01:54]} Nd7 {[%clk
01:02:17]} {[%emt 00:14:14]} 14. d4 {[%clk 01:06:11]} {[%emt 00:11:18]} cxd4
{[%clk 00:58:49]} {[%emt 00:03:59]} 15. cxd4 {[%clk 01:06:30]} {[%emt
00:00:11]} b4 {[%clk 00:55:51]} {[%emt 00:03:28]} 16. Nf1 {[%clk 00:56:23]}
{[%emt 00:10:36]} Rac8 {[%clk 00:48:41]} {[%emt 00:07:39]} 17. Ne3 {[%clk
00:54:06]} {[%emt 00:02:46]} Nc4 {[%clk 00:34:27]} {[%emt 00:14:45]} 18. Nxc4
{[%clk 00:50:37]} {[%emt 00:04:00]} Qxc4 {[%clk 00:34:45]} {[%emt 00:00:12]}
19. Bd3 {[%clk 00:47:55]} {[%emt 00:03:12]} Qc7 {[%clk 00:34:22]} {[%emt
00:00:53]} 20. a5 {[%clk 00:39:00]} {[%emt 00:09:25]} exd4 {[%clk 00:28:59]}
{[%emt 00:05:53]} 21. Nxd4 {[%clk 00:35:09]} {[%emt 00:04:19]} Bf6 {[%clk
00:27:04]} {[%emt 00:02:28]} 22. Nc2 {[%clk 00:26:56]} {[%emt 00:08:41]} b3
{[%clk 00:22:42]} {[%emt 00:04:53]} 23. Ne3 {[%clk 00:21:24]} {[%emt 00:06:02]}
Nc5 {[%clk 00:20:00]} {[%emt 00:03:12]} 24. f3 {[%clk 00:20:44]} {[%emt
00:01:10]} Bd4 {[%clk 00:07:43]} {[%emt 00:12:47]} 25. Bf1 {[%clk 00:14:34]}
{[%emt 00:06:40]} Be5 {[%clk 00:04:57]} {[%emt 00:03:17]} 26. Bc4 {[%clk
00:14:36]} {[%emt 00:00:28]} Bg3 {[%clk 00:03:46]} {[%emt 00:01:42]} 27. Rf1
{[%clk 00:13:37]} {[%emt 00:01:27]} Rb8 {[%clk 00:01:34]} {[%emt 00:02:42]} 28.
Qe2 {[%clk 00:07:47]} {[%emt 00:06:20]} Rfe8 {[%clk 00:00:36]} {[%emt
00:01:30]} 29. Rd1 {[%clk 00:07:59]} {[%emt 00:00:16]} Qd7 {[%clk 00:00:35]}
{[%emt 00:00:32]} 30. Nf5 {[%clk 00:06:50]} {[%emt 00:01:38]} Be5 {[%clk
00:00:35]} {[%emt 00:00:31]} 31. Be3 {[%clk 00:06:35]} {[%emt 00:00:45]} Nxe4
{[%clk 00:00:39]} {[%emt 00:00:26]} 32. fxe4 {[%clk 00:05:57]} {[%emt
00:01:07]} Bxe4 {[%clk 00:01:06]} {[%emt 00:00:04]} 33. Nd4 {[%clk 00:04:50]}
{[%emt 00:01:36]} Bb7 {[%clk 00:00:35]} {[%emt 00:01:00]} 34. Qf2 {[%clk
00:04:16]} {[%emt 00:01:05]} Qc7 {[%clk 00:00:38]} {[%emt 00:00:28]} 35. Bxb3
{[%clk 00:03:53]} {[%emt 00:00:52]} Bxd4 {[%clk 00:00:34]} {[%emt 00:00:36]}
36. Bxd4 {[%clk 00:04:17]} {[%emt 00:00:05]} Bxg2 {[%clk 00:00:34]} {[%emt
00:00:31]} 37. Qxg2 {[%clk 00:04:39]} {[%emt 00:00:07]} 1-0

[Event "DVM U20 2023"]
[Site "Magdeburg GER"]
[Date "2023.12.27"]
[Round "2"]
[White "Weidemann, Jakob"]
[Black "Lohr, Maximilian"]
[Result "1/2-1/2"]
[Termination "normal"]
[Board "3.1"]
[WhiteElo "2114"]
[BlackElo "2061"]
[WhiteClock "01:03:10"]
[BlackClock "00:27:45"]
[WhiteTeam "SK Münster 32"]
[BlackTeam "FC Ergolding 1932"]
[PlyCount "95"]
[WhiteFideId "16255470"]
[BlackFideId "12999717"]
[EventCountry "GER"]
[EventRounds "7"]
[EventType "team-swiss"]
[EventDate "2023.12.26"]

1. e4 {[%clk 01:30:55]} {[%emt 00:00:05]} c5 {[%clk 01:30:45]} {[%emt
00:00:15]} 2. Nf3 {[%clk 01:31:15]} {[%emt 00:00:10]} d6 {[%clk 01:31:10]}
{[%emt 00:00:06]} 3. Bb5+ {[%clk 01:31:25]} {[%emt 00:00:19]} Nd7 {[%clk
01:31:18]} {[%emt 00:00:22]} 4. O-O {[%clk 01:31:45]} {[%emt 00:00:10]} a6
{[%clk 01:31:43]} {[%emt 00:00:06]} 5. Bd3 {[%clk 01:32:06]} {[%emt 00:00:08]}
Ngf6 {[%clk 01:31:57]} {[%emt 00:00:17]} 6. Re1 {[%clk 01:32:17]} {[%emt
00:00:19]} e6 {[%clk 01:32:05]} {[%emt 00:00:23]} 7. c3 {[%clk 01:32:36]}
{[%emt 00:00:10]} b6 {[%clk 01:27:23]} {[%emt 00:05:13]} 8. a4 {[%clk
01:32:22]} {[%emt 00:00:43]} Bb7 {[%clk 01:27:23]} {[%emt 00:00:30]} 9. Bc2
{[%clk 01:32:00]} {[%emt 00:00:51]} c4 {[%clk 01:27:13]} {[%emt 00:00:41]} 10.
Na3 {[%clk 01:30:37]} {[%emt 00:01:53]} Qc7 {[%clk 01:25:07]} {[%emt 00:02:36]}
11. Qe2 {[%clk 01:26:52]} {[%emt 00:04:14]} Rc8 {[%clk 01:24:55]} {[%emt
00:00:42]} 12. d4 {[%clk 01:25:15]} {[%emt 00:02:07]} cxd3 {[%clk 01:24:52]}
{[%emt 00:00:34]} 13. Bxd3 {[%clk 01:25:33]} {[%emt 00:00:12]} Nc5 {[%clk
01:24:38]} {[%emt 00:00:45]} 14. Nd2 {[%clk 01:25:50]} {[%emt 00:00:12]} Nxd3
{[%clk 01:20:12]} {[%emt 00:04:57]} 15. Qxd3 {[%clk 01:26:10]} {[%emt
00:00:09]} d5 {[%clk 01:18:18]} {[%emt 00:02:24]} 16. e5 {[%clk 01:22:00]}
{[%emt 00:04:39]} Ne4 {[%clk 01:15:17]} {[%emt 00:03:32]} 17. Nxe4 {[%clk
01:19:56]} {[%emt 00:02:34]} dxe4 {[%clk 01:14:39]} {[%emt 00:01:08]} 18. Qg3
{[%clk 01:20:08]} {[%emt 00:00:17]} g6 {[%clk 01:11:24]} {[%emt 00:03:46]} 19.
Be3 {[%clk 01:20:19]} {[%emt 00:00:19]} Bg7 {[%clk 01:07:41]} {[%emt 00:04:12]}
20. Bd4 {[%clk 01:20:14]} {[%emt 00:00:34]} O-O {[%clk 01:07:14]} {[%emt
00:00:58]} 21. Nb1 {[%clk 01:17:16]} {[%emt 00:03:28]} Rcd8 {[%clk 01:01:10]}
{[%emt 00:06:34]} 22. Nd2 {[%clk 01:12:10]} {[%emt 00:05:35]} f5 {[%clk
00:59:07]} {[%emt 00:02:34]} 23. exf6 {[%clk 01:12:32]} {[%emt 00:00:09]} Qxg3
{[%clk 00:59:28]} {[%emt 00:00:09]} 24. hxg3 {[%clk 01:12:39]} {[%emt
00:00:23]} Bxf6 {[%clk 00:59:48]} {[%emt 00:00:10]} 25. Bxf6 {[%clk 01:12:22]}
{[%emt 00:00:48]} Rxd2 {[%clk 00:59:53]} {[%emt 00:00:24]} 26. Bd4 {[%clk
01:12:38]} {[%emt 00:00:14]} Rxb2 {[%clk 00:58:51]} {[%emt 00:01:34]} 27. Reb1
{[%clk 01:12:33]} {[%emt 00:00:34]} Rxb1+ {[%clk 00:57:47]} {[%emt 00:01:34]}
28. Rxb1 {[%clk 01:12:53]} {[%emt 00:00:10]} b5 {[%clk 00:58:13]} {[%emt
00:00:03]} 29. axb5 {[%clk 01:13:04]} {[%emt 00:00:20]} axb5 {[%clk 00:56:47]}
{[%emt 00:01:55]} 30. c4 {[%clk 01:11:47]} {[%emt 00:01:47]} Rf5 {[%clk
00:51:53]} {[%emt 00:05:24]} 31. cxb5 {[%clk 01:11:17]} {[%emt 00:01:01]} Rd5
{[%clk 00:51:59]} {[%emt 00:00:24]} 32. Be3 {[%clk 01:11:34]} {[%emt 00:00:13]}
Kf7 {[%clk 00:51:51]} {[%emt 00:00:37]} 33. b6 {[%clk 01:11:43]} {[%emt
00:00:23]} e5 {[%clk 00:51:49]} {[%emt 00:00:30]} 34. Rc1 {[%clk 01:11:22]}
{[%emt 00:00:51]} Ke6 {[%clk 00:52:12]} {[%emt 00:00:06]} 35. Rc7 {[%clk
01:11:14]} {[%emt 00:00:38]} Rd7 {[%clk 00:52:34]} {[%emt 00:00:08]} 36. Rxd7
{[%clk 01:11:37]} {[%emt 00:00:07]} Kxd7 {[%clk 00:52:56]} {[%emt 00:00:07]}
37. g4 {[%clk 01:11:53]} {[%emt 00:00:15]} Ke6 {[%clk 00:45:29]} {[%emt
00:07:58]} 38. Kh2 {[%clk 01:11:46]} {[%emt 00:00:36]} Kf6 {[%clk 00:45:28]}
{[%emt 00:00:30]} 39. Kg3 {[%clk 01:11:10]} {[%emt 00:01:06]} g5 {[%clk
00:42:09]} {[%emt 00:03:50]} 40. Kh2 {[%clk 01:10:25]} {[%emt 00:01:15]} Kg6
{[%clk 00:37:38]} {[%emt 00:05:00]} 41. Kg1 {[%clk 01:10:20]} {[%emt 00:00:36]}
Ba6 {[%clk 00:36:34]} {[%emt 00:01:35]} 42. Bc5 {[%clk 01:09:44]} {[%emt
00:01:06]} Kf6 {[%clk 00:35:40]} {[%emt 00:01:24]} 43. Bd6 {[%clk 01:09:44]}
{[%emt 00:00:29]} Ke6 {[%clk 00:35:53]} {[%emt 00:00:17]} 44. Bc7 {[%clk
01:10:01]} {[%emt 00:00:13]} h6 {[%clk 00:26:45]} {[%emt 00:09:38]} 45. Bb8
{[%clk 01:06:08]} {[%emt 00:04:24]} Kd5 {[%clk 00:27:01]} {[%emt 00:00:12]} 46.
Bc7 {[%clk 01:04:36]} {[%emt 00:02:03]} Ke6 {[%clk 00:27:25]} {[%emt 00:00:05]}
47. Bd8 {[%clk 01:04:53]} {[%emt 00:00:14]} Kf7 {[%clk 00:27:45]} {[%emt
00:00:10]} 48. Bc7 {[%clk 01:03:10]} {[%emt 00:02:14]} 1/2-1/2

[Event "DVM U20 2023"]
[Site "Magdeburg GER"]
[Date "2023.12.27"]
[Round "2"]
[White "Mooser, Nicolas"]
[Black "Schröder, Lennart"]
[Result "1/2-1/2"]
[Termination "normal"]
[Board "3.2"]
[WhiteElo "2028"]
[BlackElo "2107"]
[WhiteClock "01:05:02"]
[BlackClock "00:55:14"]
[WhiteTeam "FC Ergolding 1932"]
[BlackTeam "SK Münster 32"]
[PlyCount "54"]
[WhiteFideId "12979406"]
[BlackFideId "16222490"]
[EventCountry "GER"]
[EventRounds "7"]
[EventType "team-swiss"]
[EventDate "2023.12.26"]

1. d4 {[%clk 01:30:55]} {[%emt 00:00:05]} Nf6 {[%clk 01:30:53]} {[%emt
00:00:08]} 2. Nf3 {[%clk 01:31:21]} {[%emt 00:00:04]} g6 {[%clk 01:31:11]}
{[%emt 00:00:11]} 3. c4 {[%clk 01:31:43]} {[%emt 00:00:09]} Bg7 {[%clk
01:31:35]} {[%emt 00:00:07]} 4. g3 {[%clk 01:32:08]} {[%emt 00:00:05]} c6
{[%clk 01:31:51]} {[%emt 00:00:13]} 5. Bg2 {[%clk 01:32:34]} {[%emt 00:00:05]}
d5 {[%clk 01:32:14]} {[%emt 00:00:06]} 6. cxd5 {[%clk 01:32:59]} {[%emt
00:00:06]} cxd5 {[%clk 01:32:36]} {[%emt 00:00:07]} 7. O-O {[%clk 01:33:22]}
{[%emt 00:00:04]} O-O {[%clk 01:32:58]} {[%emt 00:00:11]} 8. Nc3 {[%clk
01:33:48]} {[%emt 00:00:02]} Ne4 {[%clk 01:33:19]} {[%emt 00:00:09]} 9. Ne5
{[%clk 01:33:39]} {[%emt 00:00:40]} Nxc3 {[%clk 01:33:38]} {[%emt 00:00:11]}
10. bxc3 {[%clk 01:34:03]} {[%emt 00:00:05]} Nc6 {[%clk 01:33:36]} {[%emt
00:00:32]} 11. Nxc6 {[%clk 01:34:16]} {[%emt 00:00:17]} bxc6 {[%clk 01:34:00]}
{[%emt 00:00:06]} 12. Qa4 {[%clk 01:32:16]} {[%emt 00:02:30]} Qb6 {[%clk
01:33:50]} {[%emt 00:00:41]} 13. Ba3 {[%clk 01:30:20]} {[%emt 00:02:26]} Qa6
{[%clk 01:34:13]} {[%emt 00:00:06]} 14. Qxa6 {[%clk 01:30:27]} {[%emt
00:00:24]} Bxa6 {[%clk 01:34:35]} {[%emt 00:00:09]} 15. Bxe7 {[%clk 01:27:32]}
{[%emt 00:03:24]} Rfe8 {[%clk 01:34:15]} {[%emt 00:00:47]} 16. Bd6 {[%clk
01:26:18]} {[%emt 00:01:46]} Rxe2 {[%clk 01:27:56]} {[%emt 00:06:50]} 17. Rfe1
{[%clk 01:17:55]} {[%emt 00:08:53]} Rc2 {[%clk 01:25:04]} {[%emt 00:03:22]} 18.
Rec1 {[%clk 01:14:55]} {[%emt 00:03:29]} Rxc1+ {[%clk 01:21:48]} {[%emt
00:03:47]} 19. Rxc1 {[%clk 01:13:40]} {[%emt 00:01:44]} Bc4 {[%clk 01:14:02]}
{[%emt 00:08:16]} 20. a3 {[%clk 01:12:24]} {[%emt 00:01:45]} Re8 {[%clk
01:13:16]} {[%emt 00:01:17]} 21. Bf1 {[%clk 01:10:35]} {[%emt 00:02:19]} Bxf1
{[%clk 00:53:58]} {[%emt 00:19:48]} 22. Kxf1 {[%clk 01:09:58]} {[%emt
00:01:05]} Bf8 {[%clk 00:53:19]} {[%emt 00:01:11]} 23. Bxf8 {[%clk 01:09:59]}
{[%emt 00:00:28]} Kxf8 {[%clk 00:53:43]} {[%emt 00:00:06]} 24. Rb1 {[%clk
01:10:06]} {[%emt 00:00:22]} Re7 {[%clk 00:54:02]} {[%emt 00:00:12]} 25. Rb8+
{[%clk 01:04:58]} {[%emt 00:05:38]} Re8 {[%clk 00:54:25]} {[%emt 00:00:09]} 26.
Rb7 {[%clk 01:05:22]} {[%emt 00:00:05]} Re7 {[%clk 00:54:50]} {[%emt 00:00:05]}
27. Rb8+ {[%clk 01:05:02]} {[%emt 00:00:49]} Re8 {[%clk 00:55:14]} {[%emt
00:00:08]} 1/2-1/2

[Event "DVM U20 2023"]
[Site "Magdeburg GER"]
[Date "2023.12.27"]
[Round "2"]
[White "Kamp, Adrian"]
[Black "Astner, Sebastian"]
[Result "1/2-1/2"]
[Termination "normal"]
[Board "3.3"]
[WhiteElo "2042"]
[BlackElo "1881"]
[WhiteClock "00:08:12"]
[BlackClock "00:09:46"]
[WhiteTeam "SK Münster 32"]
[BlackTeam "FC Ergolding 1932"]
[PlyCount "66"]
[WhiteFideId "16222466"]
[BlackFideId "12979422"]
[EventCountry "GER"]
[EventRounds "7"]
[EventType "team-swiss"]
[EventDate "2023.12.26"]

1. e4 {[%clk 01:30:37]} {[%emt 00:00:22]} e5 {[%clk 01:30:54]} {[%emt
00:00:06]} 2. Nf3 {[%clk 01:30:55]} {[%emt 00:00:12]} Nf6 {[%clk 01:31:20]}
{[%emt 00:00:04]} 3. Nxe5 {[%clk 01:31:01]} {[%emt 00:00:24]} Nxe4 {[%clk
01:31:45]} {[%emt 00:00:06]} 4. Qe2 {[%clk 01:29:36]} {[%emt 00:01:55]} Qe7
{[%clk 01:32:10]} {[%emt 00:00:05]} 5. Qxe4 {[%clk 01:29:01]} {[%emt 00:01:04]}
d6 {[%clk 01:32:35]} {[%emt 00:00:05]} 6. Nc3 {[%clk 01:28:16]} {[%emt
00:01:14]} Qxe5 {[%clk 01:31:44]} {[%emt 00:01:22]} 7. d3 {[%clk 01:26:49]}
{[%emt 00:01:57]} Be6 {[%clk 01:27:04]} {[%emt 00:05:10]} 8. f4 {[%clk
01:23:04]} {[%emt 00:04:15]} Qxe4+ {[%clk 01:25:02]} {[%emt 00:02:32]} 9. dxe4
{[%clk 01:23:21]} {[%emt 00:00:13]} Nc6 {[%clk 01:23:11]} {[%emt 00:02:21]} 10.
Bb5 {[%clk 01:21:50]} {[%emt 00:02:01]} O-O-O {[%clk 01:22:22]} {[%emt
00:01:19]} 11. Bxc6 {[%clk 01:17:55]} {[%emt 00:04:26]} bxc6 {[%clk 01:22:47]}
{[%emt 00:00:05]} 12. Be3 {[%clk 01:16:04]} {[%emt 00:02:20]} Kb7 {[%clk
01:22:17]} {[%emt 00:01:01]} 13. O-O-O {[%clk 01:15:11]} {[%emt 00:01:22]} Be7
{[%clk 01:18:54]} {[%emt 00:03:53]} 14. Rhe1 {[%clk 01:10:57]} {[%emt
00:04:44]} Bf6 {[%clk 01:16:17]} {[%emt 00:03:07]} 15. Bd4 {[%clk 01:10:25]}
{[%emt 00:01:02]} Bxd4 {[%clk 01:10:55]} {[%emt 00:05:53]} 16. Rxd4 {[%clk
01:10:44]} {[%emt 00:00:09]} f6 {[%clk 01:10:00]} {[%emt 00:01:26]} 17. e5
{[%clk 01:05:24]} {[%emt 00:05:49]} c5 {[%clk 01:03:00]} {[%emt 00:07:31]} 18.
Rd2 {[%clk 01:02:08]} {[%emt 00:03:46]} fxe5 {[%clk 01:02:54]} {[%emt
00:00:36]} 19. fxe5 {[%clk 01:00:57]} {[%emt 00:01:42]} d5 {[%clk 01:01:52]}
{[%emt 00:01:31]} 20. Red1 {[%clk 00:59:06]} {[%emt 00:02:21]} Kc6 {[%clk
01:00:54]} {[%emt 00:01:28]} 21. h3 {[%clk 00:46:15]} {[%emt 00:13:20]} Rhf8
{[%clk 00:58:55]} {[%emt 00:02:29]} 22. g4 {[%clk 00:43:05]} {[%emt 00:03:40]}
Rd7 {[%clk 00:57:38]} {[%emt 00:01:48]} 23. Ne2 {[%clk 00:34:12]} {[%emt
00:09:22]} d4 {[%clk 00:34:29]} {[%emt 00:23:40]} 24. b4 {[%clk 00:23:40]}
{[%emt 00:11:02]} Bxa2 {[%clk 00:29:57]} {[%emt 00:05:03]} 25. bxc5 {[%clk
00:22:34]} {[%emt 00:01:34]} Kxc5 {[%clk 00:25:25]} {[%emt 00:05:03]} 26. Nxd4
{[%clk 00:17:45]} {[%emt 00:05:19]} Re7 {[%clk 00:24:57]} {[%emt 00:00:58]} 27.
c3 {[%clk 00:16:59]} {[%emt 00:01:17]} Bc4 {[%clk 00:24:41]} {[%emt 00:00:46]}
28. Re1 {[%clk 00:16:34]} {[%emt 00:00:55]} Rf1 {[%clk 00:20:56]} {[%emt
00:04:15]} 29. Rdd1 {[%clk 00:13:37]} {[%emt 00:03:27]} Rxe1 {[%clk 00:18:41]}
{[%emt 00:02:46]} 30. Rxe1 {[%clk 00:14:01]} {[%emt 00:00:05]} Kd5 {[%clk
00:18:51]} {[%emt 00:00:21]} 31. Rd1 {[%clk 00:11:23]} {[%emt 00:03:08]} Kc5
{[%clk 00:16:57]} {[%emt 00:02:24]} 32. Re1 {[%clk 00:08:09]} {[%emt 00:03:44]}
g6 {[%clk 00:14:22]} {[%emt 00:03:04]} 33. Kc2 {[%clk 00:08:12]} {[%emt
00:00:28]} Kd5 {[%clk 00:09:46]} {[%emt 00:05:06]} 1/2-1/2